Loading...
| History - European History | 0 | 6 | 0 | 0 | 60 | 73 | 93.00 | 3 | 6 |
| History - World History | 2 | 2 | 1 | 0 | 45 | 66 | 87.00 | 2 | 4 |
| Fine Arts - Visual Fine Arts | 0 | 4 | 0 | 2 | 40 | 83 | 130.25 | 1 | 4 |
| History - American History | 0 | 4 | 0 | 2 | 40 | 83 | 122.25 | 0 | 3 |
| History - Other History | 2 | 2 | 3 | 1 | 35 | 40 | 69.00 | 3 | 4 |
| Social Science | 1 | 1 | 0 | 0 | 25 | 33 | 67.50 | 1 | 2 |
| Fine Arts - Other Fine Arts | 0 | 3 | 1 | 1 | 25 | 113 | 129.33 | 1 | 1 |
| Fine Arts - Auditory Fine Arts | 1 | 1 | 1 | 0 | 20 | 84 | 110.00 | 0 | 2 |
| Religion | 0 | 2 | 0 | 1 | 20 | 83 | 107.00 | 0 | 1 |
| Science - Other Science | 0 | 2 | 0 | 1 | 20 | 96 | 113.50 | 1 | 1 |
| Science - Biology | 0 | 1 | 0 | 0 | 10 | 93 | 93.00 | 0 | 1 |
| Science - Chemistry | 0 | 1 | 0 | 0 | 10 | 110 | 110.00 | 0 | 1 |
| Other Academic | 0 | 1 | 0 | 0 | 10 | 108 | 108.00 | 0 | 1 |
| Philosophy | 0 | 1 | 0 | 1 | 10 | 132 | 132.00 | 0 | 1 |
| Geography | 0 | 1 | 1 | 0 | 5 | 110 | 110.00 | 0 | 1 |
| Science - Physics | 0 | 0 | 1 | 0 | -5 | 0.00 | 0 | 0 |